Ptáci /

Hlavní autor: Singer, Detlef
Další autoři: Ševčík, Jiří, 1969-
Jazyk: Čeština
Vydáno: Plzeň : Ševčík, 2017
Vydání: Vydání první
Edice: Průvodce přírodou (Ševčík)
Témata:
Fyzický popis: 399 stran : barevné ilustrace, mapy ; 18 cm
Knihy
Uloženo v:
LEADER 01972cam a2200565 i 4500
001 nkc20172944653
003 CZ PrNK
005 20190801094111.0
007 ta
008 171011s2017 xr ab e f 001 0 cze d
015 |a cnb002944653 
020 |a 978-80-7291-248-3  |q (brožováno) 
035 |a (OCoLC)1111942134 
040 |a ULG001  |b cze  |d BOA001  |e rda 
041 1 |a cze  |h ger 
043 |a ec----- 
072 7 |a 59  |x Zoologie  |2 Konspekt  |9 2 
080 |a 598.2  |2 MRF 
080 |a 591.9  |2 MRF 
080 |a (4-191.2)  |2 MRF 
080 |a (084.42)  |2 MRF 
100 1 |a Singer, Detlef  |7 jn20020723175  |4 aut 
240 1 0 |a Was fliegt denn da?.  |l Česky 
245 1 0 |a Ptáci /  |c Detlef Singer ; z německého originálu Was fliegt denn da? ... přeložil Jiří Ševčík 
250 |a Vydání první 
264 1 |a Plzeň :  |b Ševčík,  |c 2017 
300 |a 399 stran :  |b barevné ilustrace, mapy ;  |c 18 cm 
336 |a text  |b txt  |2 rdacontent 
336 |a statický obraz  |b sti  |2 rdacontent 
337 |a bez média  |b n  |2 rdamedia 
338 |a svazek  |b nc  |2 rdacarrier 
490 1 |a Průvodce přírodou 
500 |a Obálkový podnázev: všechny druhy střední Evropy 
504 |a Obsahuje bibliografii a rejstřík 
650 0 7 |a ptáci  |7 ph115956  |2 czenas 
650 0 7 |a fauna  |7 ph114529  |z Evropa střední  |2 czenas 
650 0 9 |a birds  |2 eczenas 
650 0 9 |a fauna  |z Europe, Central  |2 eczenas 
655 7 |a atlasy  |7 fd131835  |2 czenas 
655 9 |a atlases  |2 eczenas 
700 1 |a Ševčík, Jiří,  |d 1969-  |7 xx0081056  |4 trl 
830 0 |a Průvodce přírodou (Ševčík)  |0 s 
910 2 |a BOA001  |b 1-1402.615 
920 |a KN3148000001262852  |z ULG001 
928 9 |a Jiří Ševčík 
990 |a BK 
995 |a 01 
991 |b 201802  |c NOV 
996 6 |b 2610732168  |c 1-1402.615  |l MZK  |r Sklad / do 1 hodiny  |n 0  |p p.v.  |w 001649218  |u 000010  |a 1  |e BOA001  |j MZK50  |s P 
996 7 |b 2610734864  |c 1-1402.615  |l MZK  |r Sklad / do 1 hodiny  |n 5  |p kup  |w 001649218  |u 000020  |a 1  |e BOA001  |j MZK50  |s A